Princípy a metódy nehmotnej stimulácie
Vymedzenie pojmu motivácia. Tri typy základných motivačných potrieb podľa Davida C. McClellanda. Rozdelenie ľudí podľa nehmotných potrieb. Nehmotná motivácia pracovníkov.
Guardado en:
| Autor principal: | |
|---|---|
| Formato: | Capítulo de libro |
| Lenguaje: | eslovaco |
| Materias: | |
| Etiquetas: |
Sin Etiquetas, Sea el primero en etiquetar este registro!
|
MARC
| LEADER | 00000naa$a2200000$$$4500 | ||
|---|---|---|---|
| 001 | 0008860 | ||
| 005 | 20230808081435.2 | ||
| 041 | 0 | |a slo | |
| 044 | |a SK | ||
| 245 | 1 | 0 | |a Princípy a metódy nehmotnej stimulácie |c aut. Pavol Pieter |
| 520 | |a Vymedzenie pojmu motivácia. Tri typy základných motivačných potrieb podľa Davida C. McClellanda. Rozdelenie ľudí podľa nehmotných potrieb. Nehmotná motivácia pracovníkov. | ||
| 610 | 2 | 0 | |a motivácia pracovná |
| 610 | 2 | 0 | |a pojmy |
| 610 | 2 | 0 | |a psychológia |
| 610 | 2 | 0 | |a motivácia mocenská |
| 610 | 2 | 0 | |a osobnosť |
| 610 | 2 | 0 | |a manažéri |
| 610 | 2 | 0 | |a pracovníci |
| 100 | 1 | |a Pieter, Pavol | |